000 00547nam a22001937a 4500
005 20251108164702.0
008 250721s1995 xx 000 0 ara d
082 1 4 _a811.909563/روا
100 1 _aالرواشدة، سامح
245 1 0 _aشعر عبد الوهاب البياتي و التراث /
264 1 _aعمان :
_c1995.
300 _a223ص
650 1 7 _aالشعر العربي
650 1 7 _aالتاريخ الأدبي
650 1 7 _aالنقد الأدبي
650 1 7 _aالعراق
942 _2ddc
_cBK
999 _c11792
_d11792